00630nam a2200181 a 450000100100000000500170001000800410002702000150006804000250008310000310010824500980013926000450023730000350028249000250031750000550034270000260039783000250042300002239620200930011718.0101007s2002 dr 001 0 spa d a0942347641 aDO-SdBNPbspacBNPHU1 aQuiñones, Alfonsod1959-10aAndy Montañez :bel ser humano y el artista /cAlfonso Quiñones ; editor José Carvajal. aColombia :bEdiciones del Puerto,c2002. a158 p. :bil., retrs ;c19 cm.1 aEn voz propiavno. 2 aIncluye datos biográficos del autor en la solapa1 aCarvajal, Joséeed. 0aEn voz propiavno. 2